Pays dont la langue des signes est une langue officielle - Statistiques

Statistiques générales
  • Ce quiz a été pris 14 fois
    5 depuis la dernière actualisation
  • Le résultat moyen est 4 sur 8
Statistiques - réponses
Pays % Correct
Corée du Sud
100%
Afrique du Sud
75%
Nouvelle-Zélande
75%
Kenya
25%
Ouganda
25%
Papouasie-Nouvelle-Guinée
25%
Venezuela
25%
Zimbabwe
25%
Aucun quiz correspondant
Distribution des résultats
% des personnes avec chaque résultat
Percentile par nombre de réponses
Votre historique - résultats
Vous n’avez pas pris ce quiz depuis la dernière actualisation